Štátna pokladnica. Súčasť informačného systému verejnej správy

Funkcie Štátnej pokladnice. Systém kontroly výdavkov v informačnom systéme Štátnej pokladnice. Kontrola ex-ante. Optimalizácia procesov pri realizácii výdavkov klientov.

Salvato in:
Dettagli Bibliografici
Autore principale: Bandurič, Igor, 1980-
Natura: Capitolo di libro
Lingua:slovacco
Soggetti:
Tags: Aggiungi Tag
Nessun Tag, puoi essere il primo ad aggiungerne!!

MARC

LEADER 00000nla$a2200000$$$4500
001 0047762
005 20240502071541.6
041 0 |a slo 
044 |a SK 
245 1 0 |a Štátna pokladnica. Súčasť informačného systému verejnej správy  |c Igor Bandurič 
520 |a Funkcie Štátnej pokladnice. Systém kontroly výdavkov v informačnom systéme Štátnej pokladnice. Kontrola ex-ante. Optimalizácia procesov pri realizácii výdavkov klientov. 
610 2 0 |a pokladnica štátna 
610 2 0 |a financie verejné 
610 2 0 |a financovanie 
610 2 0 |a výdavky 
610 2 0 |a kontrola finančná 
610 2 0 |a systémy informačné 
610 2 0 |a legislatíva 
100 1 |a Bandurič, Igor, 1980-